Pilates : tělo v pohybu /

Hlavní autor: Ungaro, Alycea
Další autoři: Knišová, Kateřina
Jazyk: Čeština
Vydáno: Praha : Ikar, 2012
Vydání: Vyd. 2.
Témata:
Fyzický popis: 176 s. : il. (převážně barev.) ; 24 cm
Knihy
Uloženo v:
LEADER 01330nam a2200397 a 4500
001 nkc20122346843
003 CZ PrNK
005 20120810100352.0
007 ta
008 120309s2012 xr a e f 001 0 cze
015 |a cnb002346843 
020 |a 978-80-249-1873-0  |q (váz.) 
035 |a (OCoLC)806198827 
040 |a BOA001  |b cze  |d ABA001 
041 1 |a cze  |h eng 
072 7 |a 796  |x Sport. Hry. Tělesná cvičení  |2 Konspekt  |9 20 
080 |a 796.012.62  |2 MRF 
080 |a (035)  |2 MRF 
100 1 |a Ungaro, Alycea  |7 xx0012393  |4 aut 
245 1 0 |a Pilates :  |b tělo v pohybu /  |c Alycea Ungarová ; [z anglického originálu ... přeložila Kateřina Knišová] 
250 |a Vyd. 2. 
260 |a Praha :  |b Ikar,  |c 2012 
300 |a 176 s. :  |b il. (převážně barev.) ;  |c 24 cm 
500 |a Obsahuje rejstřík 
650 0 7 |a pilates  |7 ph220688  |2 czenas 
650 0 9 |a Pilates method  |2 eczenas 
655 7 |a příručky  |7 fd133209  |2 czenas 
655 9 |a handbooks and manuals  |2 eczenas 
700 1 |a Knišová, Kateřina  |7 jn20001227415  |4 trl 
765 0 |t Pilates body in motion  |9 Česky 
910 2 |a BOA001  |b 2-1289.302 
928 9 |a Euromedia Group - Ikar 
990 |a BK 
995 |a 01 
991 |b 201207  |c NOV  |e n 
996 6 |b 2610515414  |c 2-1289.302  |l MZK  |r Sklad / do 1 hodiny  |n 5  |p p.v.  |w 001263134  |u 000010  |a 1  |e BOA001  |j MZK50  |s P